000 nam a22 4500
999 _c9061
_d9061
008 180410b ||||| |||| 00| 0 eng d
245 _aUnionBank wins at Asian Banking & Finance retail Banking Awards 2017.
260 _aPhilippines
_bThe Philippine Star
_cc2017
300 _apage B2.
650 0 _927198
_aFinance.
942 _2ddc
_cPER